| 000 | 00547nam a22001577a 4500 | ||
|---|---|---|---|
| 005 | 2009030406446.0 | ||
| 008 | 090304t xxu||||| |||| 00| 0 eng d | ||
| 037 | _bDPL /Pub | ||
| 245 | _aIn quest of Bharateeya shikshan | ||
| 260 |
_aNew Delhi _bBSM Prakashan _c2009- |
||
| 300 |
_av. _c24 cm |
||
| 310 | _amonthly | ||
| 270 |
_bMumbai _e400067 _a189-D-43, Ashish Co-operative Soc., Sector I, Charkop, Kandivli _k28691908 _l28691908 |
||
| 942 |
_2ddc _cSR _s1 |
||
| 999 |
_c24794 _d24794 |
||